| 000 | 00520nam a22001931a 4500 | ||
|---|---|---|---|
| 001 | 162 | ||
| 003 | OSt | ||
| 005 | 20260204211643.0 | ||
| 008 | 061130s2005||||sp ||||||b||||||||||spa|| | ||
| 020 | _a8420543403 | ||
| 050 | _a158.7 P171p | ||
| 100 | _aPalaci Descals, Francisco José | ||
| 245 | _aPsicología de la organización / Francisco José Palaci Descals | ||
| 264 | _aEspaña: Pearson Educación | ||
| 300 | _a415 p | ||
| 500 | _aIncluye bibliografía | ||
| 650 | _a1.Psicología IndustrialÌ | ||
| 942 |
_2ddc _cBK |
||
| 999 |
_c162 _d162 |
||